CITSA 2006 : (Registro nro. 8551)

Detalles MARC
000 -CABECERA
Campo de control 01121nam a22002537a 4500
005 - FECHA Y HORA DE LA ULTIMA TRANSACCION
Campo de control 20140711112445.0
008 - ELEMENTOS DE LONGITUD FIJA—INFORMACION GENERAL
Campo de control 140711b2006 xxu||||| |||| 00| 0 eng d
020 ## - ISBN
ISBN 9806560825 (obra completa)
020 ## - ISBN
ISBN 9806560841 (vol. II)
041 ## - IDIOMA
Código de idioma para texto/pista de sonido o título separado Inglés
044 ## - PAÍS DE PUBLICACIÓN
País de publicación Estados Unidos
082 04 - NUMERO DE CLASIFICACION DECIMAL DEWEY
Número de clasificación 004.2
Número del ítem Z78p
111 2# - ASIENTO PRINCIPAL--NOMBRE DE REUNION
Nombre de reunión o de jurisdicción como elemento de entrada CITSA 2006
Lugar de la reunión Orlando, Florida)
Fecha de la reunión (2006 :
245 10 - MENCION DE TITULO
Título CITSA 2006 :
Parte restante del título proceedings 20-23 july, 2006, Orlando, Florida
Mención de responsabilidad organized by IIIS Internationalk Institute of informatics and Systemics, CITSA and CCCT
246 ## - FORMA VARIANTE DEL TITULO
Título propiamente dicho/forma breve del título The 3rd international conference and cybernetics and information technologies, systems and applications
Parte restante del título jointly with the 4th international conference on computing, communications and control technologies
260 ## - PUBLICACION, DISTRIBUCION, ETC. (PIE DE IMPRENTA)
Lugar de publicación, distribución, etc. Orlando, Florida
Nombre del editor, distribuidor, etc. IIIS
Fecha de publicación, distribución, etc. 2006
300 ## - DESCRIPCION FISICA
Extensión 345 p.
Dimensiones 27 cm.
504 ## - NOTA DE BIBLIOGRAFIA, ETC.
Nota de bibliografía Incluye referencias bibliográficas e índice de autores
650 #6 - ASIENTO SECUNDARIO DE MATERIA - TERMINO TEMATICO
Término temático o nombre geográfico como elemento de entrada Computer networks
Subdivisión general Congresses
650 #6 - ASIENTO SECUNDARIO DE MATERIA - TERMINO TEMATICO
Término temático o nombre geográfico como elemento de entrada Redes de computadoras
Subdivisión general congresos, conferencias, etc
700 1# - ASIENTO SECUNDARIO - NOMBRE PERSONAL
Nombre personal Zinn, Dale
Término de relación ed.
700 1# - ASIENTO SECUNDARIO - NOMBRE PERSONAL
Nombre personal Chu, Hsing-We
Término de relación ed.
942 ## - ELEMENTOS ADICIONALES (KOHA)
Sistema de clasificación Dewey Decimal Classification
Tipo de ítem Impreso
Existencias
Withdrawn status Lost status Sistema de Clasificación Damaged status No para préstamo Colección Inventariado Ubicación Permanente Ubicación actual Fecha de adquisición Total Checkouts Número topográfico Inventario / Código de Barras Date last seen Ejemplar Price effective from Forma de adquisición Tipo de material
    Dewey Decimal Classification     General Inventariado 2017 Sala Fabio Quevedo Sala Fabio Quevedo 11/07/2014   LB-004.2 Z78p 034295 11/07/2014 Ej. 1 11/07/2014   Libro